[Event "Kalamazoo (Mini-Swiss.3/2)"]
[Site "?"]
[Date "1996.??.??"]
[Round "?"]
[White "Jackson, Don"]
[Black "Schooley, B."]
[Result "1-0"]
[WhiteElo "1605"]
[BlackElo "1605"]
[PlyCount "87"]
[EventDate "1996.??.??"]

{3/(2)} 1. g4 Nf6 2. h3 d5 3. Bg2 e5 4. c4 c6 5. d4 Nbd7 6. Nc3 Qa5 7. a3 Bb4
8. Bd2 exd4 9. axb4 Qxb4 10. Nb5 Qxc4 11. Nc7+ Kd8 12. Nxa8 Re8 13. b3 Qc5 14.
Nf3 d3 15. e3 b5 16. O-O Bb7 17. b4 Qd6 18. Rxa7 Qb8 19. Qa1 Ke7 20. Ra3 Bxa8
21. Rxd3 Kf8 22. Nd4 Ne5 23. Rc3 Nc4 24. Rd1 Qe5 25. Nf3 Qd6 26. Rb3 Ne4 27.
Bc3 Nxc3 28. Qxc3 Bb7 29. Qd4 Kg8 30. Nd2 Ra8 31. Nxc4 bxc4 32. Rbb1 Ra4 33.
Qc5 Qf6 34. b5 Ra2 35. e4 c3 36. Rbc1 d4 37. Qxd4 Rd2 38. Rxd2 cxd2 39. Qxd2 h5
40. e5 Qh4 41. bxc6 Bc8 42. c7 hxg4 43. Qd8+ Qxd8 44. cxd8=Q+ 1-0

[Event "Howell (US Am N/1/25)"]
[Site "?"]
[Date "1996.??.??"]
[Round "?"]
[White "Jackson, Don"]
[Black "Roberts, Kenneth"]
[Result "0-1"]
[WhiteElo "1605"]
[BlackElo "1820"]
[PlyCount "48"]
[EventDate "1996.??.??"]

{1/(25)} 1. g4 d5 2. h3 Nf6 3. Bg2 e6 4. c4 c6 5. Qc2 Be7 6. Nf3 Nbd7 7. cxd5
exd5 8. d3 Qc7 9. Qa4 Nc5 10. Qf4 Bd6 11. Qe3+ Be6 12. Qd2 Bd7 13. Qc2 O-O-O
14. e3 h6 15. Bd2 Rde8 16. O-O Nh7 17. Bc3 h5 18. Nd4 Bh2+ 19. Kh1 hxg4 20. Ne6
Bxe6 21. f4 gxh3 22. Kxh2 hxg2 23. Qxg2 Ng5+ 24. Kg1 Nh3+ 0-1

[Event "Howell (US Am N/5/34)"]
[Site "?"]
[Date "1996.??.??"]
[Round "?"]
[White "Jackson, Don"]
[Black "Neely, Richard"]
[Result "1/2-1/2"]
[WhiteElo "1605"]
[BlackElo "1605"]
[PlyCount "94"]
[EventDate "1996.??.??"]

{5/(34)} 1. g4 Nc6 2. Bg2 e5 3. c4 d6 4. h3 Nge7 5. Nc3 Be6 6. Nd5 Qd7 7. d3
O-O-O 8. Bd2 Ng6 9. Qa4 Kb8 10. Be3 Nd4 11. Qxd7 Bxd7 12. Bxd4 exd4 13. Nf3 Bc6
14. Nxd4 Bxd5 15. Bxd5 f6 16. b4 c5 17. Nc2 Ne7 18. e4 Nxd5 19. cxd5 g6 20. h4
Bg7 21. Rb1 Rhe8 22. bxc5 dxc5 23. Ne3 Bh6 24. Nc4 Rxd5 25. Ke2 f5 26. f3 fxe4
27. fxe4 Rd7 28. Rhf1 Red8 29. Ne5 Rc7 30. Nf7 Rdd7 31. Nxh6 c4 32. Rf8+ Rc8
33. Rxc8+ Kxc8 34. dxc4 Rd4 35. Ke3 Rxc4 36. h5 a6 37. Rd1 Ra4 38. Nf7 Rxa2 39.
Nd6+ Kc7 40. Nc4 Ra4 41. Rc1 Kd8 42. Rd1+ Ke7 43. Nb6 Ra3+ 44. Rd3 Ra2 45. Kf4
Rf2+ 46. Kg5 h6+ 47. Kxg6 Rf6+ 1/2-1/2

[Event "Detroit (Class DE/1/17)"]
[Site "?"]
[Date "1996.??.??"]
[Round "?"]
[White "Jackson, Don"]
[Black "Mahabir, Naresh"]
[Result "1-0"]
[WhiteElo "1605"]
[BlackElo "1605"]
[PlyCount "73"]
[EventDate "1996.??.??"]

{1/(17)} 1. g4 e5 2. Bg2 h6 3. c4 Nf6 4. h3 Nc6 5. a3 Bc5 6. b4 Bd4 7. Ra2 d6
8. e3 Bb6 9. Nc3 Be6 10. Nd5 O-O 11. Ne2 a6 12. Nec3 a5 13. Qb3 Ne7 14. Nxf6+
gxf6 15. Nd5 c6 16. Nxf6+ Kg7 17. Nh5+ Kg8 18. Qd3 Ng6 19. Rc2 axb4 20. axb4
Qd7 21. Nf6+ Kg7 22. Nxd7 Bxd7 23. Qxd6 Rfd8 24. Qd3 Ra7 25. O-O Ra1 26. Bb2
Ra2 27. Qe4 c5 28. Bxe5+ Nxe5 29. Rxa2 Re8 30. Qxb7 Bd8 31. f4 Ng6 32. Qxd7 Kf8
33. Ra8 Re7 34. Qxd8+ Kg7 35. f5 Kh7 36. fxg6+ fxg6 37. Qg8# 1-0

[Event "Detroit (Class DE/5/3)"]
[Site "?"]
[Date "1996.??.??"]
[Round "?"]
[White "Jackson, Don"]
[Black "Hill, M."]
[Result "0-1"]
[WhiteElo "1605"]
[BlackElo "1605"]
[PlyCount "104"]
[EventDate "1996.??.??"]

{5/(3)} 1. g4 g6 2. Bg2 Bg7 3. c4 e5 4. Nc3 Nh6 5. h3 c6 6. d3 d6 7. e4 Ng8 8.
Nf3 h6 9. Be3 Be6 10. Nd2 Ne7 11. Qb3 Qc7 12. Nd5 Bxd5 13. cxd5 c5 14. Nc4 g5
15. O-O-O Ng6 16. Rhg1 Nd7 17. Kb1 a6 18. Bd2 b5 19. Na5 Nb8 20. Rc1 Qc8 21.
Qd1 Qd8 22. Nb3 b4 23. Be3 a5 24. Bxc5 dxc5 25. Nxc5 O-O 26. Qa4 Qe8 27. Qc2
Nd7 28. Nb7 Qb8 29. Nc5 Nxc5 30. Qxc5 Rc8 31. Qe3 Bf8 32. Rxc8 Qxc8 33. Qb6 Bc5
34. Qf6 Ra6 35. Qf5 Qxf5 36. exf5 Nf4 37. Be4 Nxh3 38. Rc1 Bd6 39. f6 Bf8 40.
Rc6 Rxc6 41. dxc6 Bd6 42. f3 Bc7 43. Kc2 Nf4 44. Kb3 h5 45. gxh5 Nxh5 46. Kc4
Nxf6 47. Kb5 Kf8 48. Ka6 Ke7 49. Kb7 Kd6 50. Bf5 Nd5 51. Be4 Ne3 52. Kc8 f5 0-1

[Event "Ann Arbor (Mini-Swiss/3/10)"]
[Site "?"]
[Date "1996.??.??"]
[Round "?"]
[White "Jackson, Don"]
[Black "Haddad, Wade"]
[Result "0-1"]
[WhiteElo "1605"]
[BlackElo "1605"]
[PlyCount "46"]
[EventDate "1996.??.??"]

{3/(10)} 1. g4 d5 2. h3 Nc6 3. Bg2 e6 4. c4 g6 5. cxd5 exd5 6. Qb3 Nf6 7. d3 b6
8. Bg5 Na5 9. Qc3 d4 10. Bc6+ Nd7 11. Bxa8 dxc3 12. Nxc3 Qxg5 13. Nf3 Qf6 14.
O-O c6 15. Rac1 Bg7 16. Ne4 Qf4 17. b4 Bb7 18. Bxb7 Nxb7 19. Rxc6 O-O 20. Rc4
Ne5 21. Nd4 Nxc4 22. e3 Nxe3 23. fxe3 Qxe3+ 0-1

[Event "Detroit (Class DE/3/14)"]
[Site "?"]
[Date "1996.??.??"]
[Round "?"]
[White "Jackson, Don"]
[Black "Goerke, Jesse"]
[Result "1-0"]
[WhiteElo "1605"]
[BlackElo "1605"]
[PlyCount "56"]
[EventDate "1996.??.??"]

{3/(14)} 1. g4 e5 2. Bg2 Nf6 3. h3 Bc5 4. c4 d6 5. Nc3 Nc6 6. Qc2 Be6 7. e3
Bxc4 8. Ne4 Nxe4 9. Qxc4 Nf6 10. Ne2 b6 11. Bxc6+ Kf8 12. Bxa8 Qxa8 13. O-O d5
14. Qc2 Ne4 15. d3 Ng5 16. Kh2 Nf3+ 17. Kg3 d4 18. e4 Ng5 19. Bxg5 f6 20. Bd2
h5 21. Bc1 hxg4 22. hxg4 g5 23. f4 exf4+ 24. Bxf4 gxf4+ 25. Nxf4 Qc8 26. Ng6+
Kg7 27. Nxh8 Kxh8 28. Qh2+ Kg8 {[Remainder illegible; 1-0, 43?]} 1-0

[Event "Ann Arbor (Mini-Swiss/1/9)"]
[Site "?"]
[Date "1996.??.??"]
[Round "?"]
[White "Jackson, Don"]
[Black "Burghardt, Lango"]
[Result "1-0"]
[WhiteElo "1605"]
[BlackElo "1605"]
[PlyCount "73"]
[EventDate "1996.??.??"]

{1/(9)} 1. g4 e5 2. Bg2 Qf6 3. c4 Bc5 4. e3 Nh6 5. Nc3 d6 6. Nd5 Qh4 7. h3 Bb6
8. Nf3 Nxg4 9. Nxh4 c6 10. hxg4 cxd5 11. Bxd5 h5 12. gxh5 Bd8 13. Bxf7+ Kxf7
14. Qf3+ Bf6 15. Qd5+ Be6 16. Qxb7+ Nd7 17. Ng6 Rhb8 18. Qa6 Rc8 19. Qxd6 Rxc4
20. b3 Rc2 21. Qd3 Rac8 22. Nh8+ Ke7 23. Ba3+ Kd8 24. h6 Ke8 25. hxg7 Bxg7 26.
Qg6+ Kd8 27. Qxe6 Nc5 28. Qg8+ Kc7 29. Qxg7+ Kb8 30. Qxe5+ Ka8 31. Ke2 Rd8 32.
Bxc5 Rcxd2+ 33. Kf3 Rxf2+ 34. Ke4 Rdd2 35. Qe8+ Kb7 36. Rh7+ Ka6 37. Qa4# 1-0

[Event "Ann Arbor (Mini-Swiss/2/10)"]
[Site "?"]
[Date "1996.??.??"]
[Round "?"]
[White "Jackson, Don"]
[Black "Burghardt, Lance"]
[Result "1-0"]
[WhiteElo "1605"]
[BlackElo "1605"]
[PlyCount "47"]
[EventDate "1996.??.??"]

{2/(10)} 1. g4 e5 2. Bg2 d5 3. h3 e4 4. e3 f5 5. c4 dxc4 6. Qa4+ Nc6 7. Qxc4
Ne5 8. Qb5+ Nc6 9. gxf5 Nge7 10. Bxe4 Bd7 11. Nc3 Qc8 12. f6 gxf6 13. Qh5+ Kd8
14. Qf7 f5 15. Qf6 Rg8 16. Bd5 Bg7 17. Qh4 Nb4 18. Bxg8 Nc2+ 19. Ke2 Nxa1 20.
Nd5 Bf8 21. Qf6 Ke8 22. Qf7+ Kd8 23. Qxf8+ Be8 24. Qxe7# 1-0

[Event "Ann Arbor (Mini-Swiss/3/11)"]
[Site "?"]
[Date "1996.??.??"]
[Round "?"]
[White "Iyer, Krishnan"]
[Black "Wensink, E."]
[Result "1-0"]
[WhiteElo "1605"]
[BlackElo "1605"]
[PlyCount "76"]
[EventDate "1996.??.??"]

{3/(11)} 1. e4 e5 2. Nf3 Nc6 3. Bb5 d6 4. O-O Nf6 5. d3 Be7 6. h3 O-O 7. c3 a6
8. Ba4 b5 9. Bc2 Bb7 10. Re1 Nd7 11. a3 f5 12. exf5 Rxf5 13. d4 Rf8 14. Bb3+
Kh8 15. d5 Na5 16. Ba2 Nc4 17. b3 Ncb6 18. c4 bxc4 19. bxc4 Nc5 20. Nc3 Bh4 21.
Ne4 Nxe4 22. Rxe4 Be7 23. h4 Bc8 24. g4 Bxh4 25. g5 Bxf2+ 26. Kxf2 Bf5 27. Qe2
Qd7 28. Bb1 Bxe4 29. Qxe4 g6 30. Bb2 Qe8 31. Ba2 Rf4 32. Qe2 Nd7 33. Rh1 Kg8
34. Ke1 e4 35. Rxh7 Ne5 36. Nxe5 Kxh7 37. Qh2+ Kg8 38. Qxf4 e3 1-0

[Event "Eastpointe (EDO/3/8)"]
[Site "?"]
[Date "1996.??.??"]
[Round "?"]
[White "Iyer, Krishnan"]
[Black "Steen, Harold"]
[Result "0-1"]
[WhiteElo "1605"]
[BlackElo "1780"]
[PlyCount "48"]
[EventDate "1996.??.??"]

{3/(8)} 1. e4 c5 2. Nf3 d6 3. d4 cxd4 4. Nxd4 Nf6 5. Nc3 a6 6. a4 e6 7. Bd3 Qc7
8. O-O b6 9. h3 Bb7 10. Qe1 Nc6 11. Be3 Ne5 12. f4 Nxd3 13. cxd3 Be7 14. Rc1
Qd8 15. Qf2 O-O 16. f5 e5 17. Nf3 Nd7 18. g4 Nc5 19. Bxc5 bxc5 20. g5 Bxg5 21.
Nxg5 Qxg5+ 22. Kh1 Qh6 23. Qg2 f6 24. Rf3 Qxc1+ 0-1

[Event "Detroit (MI Action/4/12)"]
[Site "?"]
[Date "1996.??.??"]
[Round "?"]
[White "Iyer, Krishnan"]
[Black "Sims, Chris"]
[Result "1-0"]
[WhiteElo "1605"]
[BlackElo "1605"]
[PlyCount "51"]
[EventDate "1996.??.??"]

{4/(12)} 1. e4 e5 2. Nf3 Nc6 3. d4 exd4 4. Bc4 Nf6 5. O-O Be7 6. Re1 O-O 7.
Nxd4 Ne5 8. Bb3 Re8 9. f4 Ng6 10. e5 Bc5 11. c3 Ng4 12. Qxg4 d6 13. Qg3 dxe5
14. fxe5 Be7 15. Qf3 Bf6 16. e6 Kh8 17. Bd2 Ne5 18. Qd5 Qe7 19. Rxe5 Bxe5 20.
Qxe5 c5 21. Nf5 f6 22. Qd6 Qxd6 23. Nxd6 Re7 24. Nxc8 Rxc8 25. Na3 a6 26. Bf4
1-0

[Event "Eastpointe (EDO/5/11)"]
[Site "?"]
[Date "1996.??.??"]
[Round "?"]
[White "Iyer, Krishnan"]
[Black "Scott, Steven"]
[Result "0-1"]
[WhiteElo "1605"]
[BlackElo "1815"]
[PlyCount "86"]
[EventDate "1996.??.??"]

{5/(11)} 1. e4 c5 2. Nf3 d6 3. d4 cxd4 4. Nxd4 Nf6 5. Nc3 a6 6. g3 e6 7. Bg2
Be7 8. O-O Qc7 9. Re1 Nc6 10. Nb3 O-O 11. h3 Rb8 12. f4 b5 13. g4 Bb7 14. Be3
Rfd8 15. g5 Nd7 16. h4 Nc5 17. Qe2 b4 18. Nd1 a5 19. Nxc5 dxc5 20. b3 Nd4 21.
Qf2 Rbc8 22. Nb2 Ba6 23. Rad1 Rd7 24. Rd2 Rcd8 25. Red1 Ne2+ 26. Kh1 Rxd2 27.
Rxd2 Rxd2 28. Bxd2 Nc3 29. Bxc3 bxc3 30. Nc4 Bxc4 31. bxc4 Qd6 32. Qe3 Qd1+ 33.
Kh2 Qxc2 34. e5 a4 35. Kg3 a3 36. Be4 Qxa2 37. Qd3 Qd2 38. Bxh7+ Kh8 39. Qe4 c2
40. g6 fxg6 41. Qxg6 Qe1+ 42. Kg2 Qe2+ 43. Kg3 c1=Q 0-1

[Event "Eastpointe (EDO/4/16)"]
[Site "?"]
[Date "1996.??.??"]
[Round "?"]
[White "Iyer, Krishnan"]
[Black "Scott, B."]
[Result "1-0"]
[WhiteElo "1605"]
[BlackElo "1605"]
[PlyCount "61"]
[EventDate "1996.??.??"]

{4/(16)} 1. e4 c5 2. Nf3 d6 3. d4 cxd4 4. Nxd4 Nf6 5. Nc3 g6 6. h3 Bg7 7. f4
Nc6 8. Nf3 a6 9. Be3 O-O 10. g4 e6 11. Qd2 d5 12. e5 Ne4 13. Nxe4 dxe4 14. Qxd8
Rxd8 15. Ng5 b5 16. Nxe4 Nb4 17. Rh2 Bb7 18. Nd6 Bd5 19. a3 Nc6 20. c4 bxc4 21.
Nxc4 Bf3 22. Rf2 Be4 23. Rd2 Bf3 24. Rxd8+ Rxd8 25. Be2 Be4 26. Rd1 Rxd1+ 27.
Kxd1 Bf8 28. b4 Be7 29. g5 Kg7 30. Nd6 Nb8 31. Nxe4 1-0

[Event "Ann Arbor (Mini-Swiss/2/10)"]
[Site "?"]
[Date "1996.??.??"]
[Round "?"]
[White "Iyer, Krishnan"]
[Black "Saenz, Scott"]
[Result "0-1"]
[WhiteElo "1605"]
[BlackElo "1605"]
[PlyCount "78"]
[EventDate "1996.??.??"]

{2/(10)} 1. e4 c5 2. Nf3 d6 3. d4 cxd4 4. Nxd4 e5 5. Nb3 a6 6. Nc3 Nf6 7. Bg5
Be7 8. Qd2 O-O 9. h3 Nc6 10. Be2 Be6 11. O-O-O b5 12. f3 Bxb3 13. axb3 Nd4 14.
f4 h6 15. fxe5 dxe5 16. Bxf6 Bxf6 17. Kb1 Bg5 18. Qe1 Qc7 19. Bd3 Rad8 20. Nd5
Qc8 21. Rf1 f5 22. exf5 Rxd5 23. Qe4 Qd7 24. h4 Bf6 25. g4 Rd8 26. g5 hxg5 27.
hxg5 Bxg5 28. Qg2 Qe7 29. Be4 R5d7 30. c3 Nxb3 31. Rxd7 Rxd7 32. Bd5+ Rxd5 33.
Qxd5+ Qf7 34. Qxf7+ Kxf7 35. Kc2 Nd2 36. Rf2 Kf6 37. Kd1 Nc4 38. b3 Ne3+ 39.
Ke1 Bh4 0-1

[Event "Ann Arbor (HVA/4/3)"]
[Site "?"]
[Date "1996.??.??"]
[Round "?"]
[White "Iyer, Krishnan"]
[Black "Rosebrook, G."]
[Result "0-1"]
[WhiteElo "1605"]
[BlackElo "1605"]
[PlyCount "80"]
[EventDate "1996.??.??"]

{4/(3)} 1. e4 c5 2. Nf3 e6 3. d4 Nf6 4. Nc3 a6 5. a4 Be7 6. Be2 O-O 7. h3 d6 8.
Be3 Qc7 9. g4 e5 10. d5 h6 11. Qd3 Nbd7 12. Nd2 Nh7 13. O-O-O Bh4 14. Rdf1 b5
15. Bd1 c4 16. Qe2 Qa5 17. Nf3 Bg5 18. Nxg5 Nxg5 19. Bd2 Nc5 20. Nxb5 Qxa4 21.
Na3 Ngxe4 22. Qxc4 Nxd2 23. Kxd2 Qe8 24. f3 Rb8 25. b3 a5 26. Qe2 Ba6 27. Nc4
Qd8 28. Qe3 a4 29. Be2 axb3 30. cxb3 Nxb3+ 31. Ke1 Nd4 32. Bd3 Bxc4 33. Rf2
Qa5+ 34. Kf1 Rb3 35. Rd2 Bxd3+ 36. Rxd3 Rxd3 37. Qxd3 Qa2 38. h4 Qxd5 39. g5
Qxf3+ 40. Qxf3 Nxf3 0-1

[Event "Lansing (MOR/1b/20)"]
[Site "?"]
[Date "1996.??.??"]
[Round "?"]
[White "Iyer, Krishnan"]
[Black "Raupp, Sarah"]
[Result "1-0"]
[WhiteElo "1605"]
[BlackElo "1605"]
[PlyCount "63"]
[EventDate "1996.??.??"]

1. d4 e6 2. Nf3 d5 3. c4 c5 4. cxd5 exd5 5. dxc5 Bxc5 6. e3 Nf6 7. Bb5+ Bd7 8.
Bxd7+ Nbxd7 9. O-O O-O 10. Nc3 Nb6 11. b3 Qc7 12. Nb5 Qc6 13. Qd3 Rfe8 14. Bb2
a6 15. Bxf6 gxf6 16. Nbd4 Qc7 17. Rac1 Rac8 18. b4 Nc4 19. bxc5 Qxc5 20. Qf5
Qd6 21. Qg4+ Kf8 22. Nf5 Re4 23. Qg7+ Ke8 24. Nxd6+ Nxd6 25. Qg8+ Kd7 26. Rxc8
Nxc8 27. Qxf7+ Re7 28. Qxf6 a5 29. Rc1 Nd6 30. Ne5+ Kd8 31. Qxd6+ Ke8 32. Rc8#
1-0

[Event "Lansing (MOR/5/19)"]
[Site "?"]
[Date "1996.??.??"]
[Round "?"]
[White "Iyer, Krishnan"]
[Black "Parker, Harvard"]
[Result "0-1"]
[WhiteElo "1605"]
[BlackElo "1605"]
[PlyCount "68"]
[EventDate "1996.??.??"]

{5/(19)} 1. e4 e5 2. Nf3 Nc6 3. Bb5 a6 4. Ba4 Nf6 5. O-O Be7 6. Re1 b5 7. Bb3
O-O 8. c3 d5 9. exd5 e4 10. dxc6 exf3 11. Qxf3 Bg4 12. Qe3 Re8 13. d4 Nd5 14.
Qd2 Bg5 15. Rxe8+ Qxe8 16. f4 Bxf4 17. Qf2 Bxc1 18. Nd2 Bxd2 19. Qxd2 Qxc6 20.
Qg5 Be6 21. Bc2 Nf6 22. Qd2 Re8 23. h3 Ne4 24. Bxe4 Qxe4 25. Re1 Qc6 26. Re5
Bxa2 27. Qc2 Rxe5 28. dxe5 Qc5+ 29. Kh1 Qxe5 30. b3 Qe1+ 31. Kh2 Bb1 32. Qb2 f6
33. b4 Qe5+ 34. Kg1 Be4 0-1

[Event "Flint (MI Senior/1/5)"]
[Site "?"]
[Date "1996.??.??"]
[Round "?"]
[White "Iyer, Krishnan"]
[Black "Lehotzky, Attila"]
[Result "0-1"]
[WhiteElo "1605"]
[BlackElo "1945"]
[PlyCount "90"]
[EventDate "1996.??.??"]

{1/(5)} 1. e4 e5 2. Nf3 Nc6 3. Bb5 a6 4. Ba4 Nf6 5. O-O Be7 6. Re1 b5 7. Bb3 d6
8. c3 O-O 9. d4 Bg4 10. d5 Nb8 11. c4 c5 12. Qd3 Qb6 13. h3 Bd7 14. Nh4 Nxd5
15. Nf5 Bxf5 16. exf5 Nb4 17. Qe4 Nd7 18. Nc3 Nf6 19. Qe2 Nc6 20. Be3 Rab8 21.
f3 Nd4 22. Bxd4 cxd4 23. Nd5 Nxd5 24. cxd5 Rbc8 25. Kh1 Bg5 26. Qd3 Rc5 27.
Rad1 Rfc8 28. g3 Be3 29. f4 f6 30. fxe5 dxe5 31. Rxe3 dxe3 32. Qxe3 Qd6 33. Qd2
Kh8 34. Kg2 h6 35. Kf2 Qb6 36. Kg2 a5 37. a4 bxa4 38. Bxa4 Rc4 39. Bc6 Rd4 40.
Qf2 Rb8 41. Rb1 Qb4 42. Kh1 Rd2 43. Qe1 Qd4 44. b3 Qd3 45. Kg1 Re2 0-1

[Event "Detroit (MI Action/2/6)"]
[Site "?"]
[Date "1996.??.??"]
[Round "?"]
[White "Iyer, Krishnan"]
[Black "Herron, J."]
[Result "0-1"]
[WhiteElo "1605"]
[BlackElo "1740"]
[PlyCount "46"]
[EventDate "1996.??.??"]

{2/(6)} 1. e4 g6 2. Nf3 Bg7 3. Nc3 d6 4. d4 Nf6 5. Bc4 O-O 6. h3 Nxe4 7. Bxf7+
Rxf7 8. Nxe4 Nc6 9. c3 d5 10. Ng3 e5 11. dxe5 Nxe5 12. Nxe5 Bxe5 13. O-O Qd6
14. Ne2 b6 15. f4 Bg7 16. Be3 c5 17. Qd2 Bb7 18. Rf2 Rd8 19. Rd1 Rfd7 20. b4 d4
21. cxd4 cxd4 22. a3 dxe3 23. Qa2+ Bd5 0-1

[Event "Detroit (MI Team/4/4/4)"]
[Site "?"]
[Date "1996.??.??"]
[Round "?"]
[White "Iyer, Krishnan"]
[Black "Henry, Robynne"]
[Result "1-0"]
[WhiteElo "1605"]
[BlackElo "1605"]
[PlyCount "94"]
[EventDate "1996.??.??"]

{4/4} 1. e4 e5 2. Nf3 Nc6 3. Bb5 Qf6 4. O-O Bd6 5. c3 Nge7 6. d4 a6 7. Bg5 Qg6
8. Bd3 O-O 9. d5 Nd8 10. Bxe7 Bxe7 11. Nxe5 Qd6 12. Nc4 Qh6 13. Nbd2 b5 14. Ne3
d6 15. Nf3 g6 16. Nd4 Bd7 17. Qe2 c6 18. c4 Rb8 19. f3 Bg5 20. Ndc2 Bxe3+ 21.
Nxe3 Qg7 22. b3 Re8 23. Rfd1 cxd5 24. cxd5 Nb7 25. b4 h5 26. h3 Re7 27. Kh1 Rf8
28. Qf2 f5 29. Qc2 Rc8 30. Qb1 g5 31. Nxf5 Bxf5 32. exf5 g4 33. fxg4 hxg4 34.
f6 Qxf6 35. Bf5 gxh3 36. gxh3 Qc3 37. Rg1+ Kf8 38. Rf1 Rf7 39. Bxc8 Qxc8 40.
Rxf7+ Kxf7 41. Qf1+ Ke7 42. Re1+ Kd8 43. Rc1 Nc5 44. Qf8+ Kd7 45. Qxc8+ Kxc8
46. bxc5 Kd7 47. c6+ Ke7 1-0

[Event "Lansing (MOR/3/14)"]
[Site "?"]
[Date "1996.??.??"]
[Round "?"]
[White "Iyer, Krishnan"]
[Black "Hencir, Edward"]
[Result "1/2-1/2"]
[WhiteElo "1605"]
[BlackElo "1680"]
[PlyCount "97"]
[EventDate "1996.??.??"]

{3/(14)} 1. e4 c5 2. Nf3 e6 3. d4 cxd4 4. Nxd4 a6 5. Be2 Qc7 6. O-O d6 7. f4
Nd7 8. c4 Ngf6 9. Nc3 Be7 10. Be3 O-O 11. g4 Nc5 12. Bf3 Rd8 13. g5 Ne8 14. Bg2
Nd7 15. b3 Nf8 16. f5 Rb8 17. Rc1 b6 18. h4 Bb7 19. Qg4 e5 20. Nde2 Qd7 21. Bh3
Bc6 22. Nd5 Bxd5 23. exd5 Rdc8 24. Kh2 f6 25. Qg1 Bd8 26. g6 h6 27. Ng3 Nc7 28.
Bxb6 Rxb6 29. Qxb6 Nxd5 30. Qxa6 Nf4 31. Qb5 Qe7 32. Rxf4 exf4 33. Qd5+ Kh8 34.
Ne4 Bc7 35. Rd1 Rd8 36. Bg2 Qe5 37. Qxe5 fxe5 38. Nc3 Bb6 39. Nd5 Bd4 40. h5
Nd7 41. b4 Nf6 42. Nxf6 gxf6 43. c5 dxc5 44. bxc5 Rb8 45. Bd5 Bxc5 46. Kg2 Rb2+
47. Kf3 Rf2+ 48. Kg4 Rc2 49. Bb3 1/2-1/2

[Event "Eastpointe (EDO/1/2)"]
[Site "?"]
[Date "1996.??.??"]
[Round "?"]
[White "Iyer, Krishnan"]
[Black "Gabbara, Faris"]
[Result "0-1"]
[WhiteElo "1605"]
[BlackElo "2200"]
[PlyCount "134"]
[EventDate "1996.??.??"]

{1/(2)} 1. e4 c5 2. Nf3 e6 3. c3 d5 4. Bb5+ Bd7 5. Bxd7+ Qxd7 6. exd5 Qxd5 7.
O-O Nc6 8. Re1 Nf6 9. Qe2 c4 10. Ne5 Nxe5 11. Qxe5 Qxe5 12. Rxe5 Bd6 13. Rb5 b6
14. b3 Rc8 15. bxc4 Rxc4 16. d3 Rc6 17. Nd2 Rxc3 18. Rb3 Rc2 19. Nc4 Bc5 20.
Ne3 Bxe3 21. Bxe3 Nd5 22. a4 Kd7 23. g3 Rhc8 24. Rbb1 Nxe3 25. fxe3 R8c3 26. a5
Rxd3 27. axb6 axb6 28. Rxb6 Rc7 29. Re1 g5 30. Rb2 Kd6 31. Kf2 g4 32. Ree2 Rc5
33. Rb6+ Ke7 34. Rb4 h5 35. Rb7+ Kf6 36. Rb4 Rd1 37. Rf4+ Kg6 38. Kg2 Rcc1 39.
h4 Rg1+ 40. Kh2 Rh1+ 41. Kg2 Rcg1+ 42. Kf2 e5 43. Rb4 Rh2+ 44. Kxg1 Rxe2 45.
Rb6+ f6 46. Rb3 Kf5 47. Kf1 Rd2 48. Rb4 Ke6 49. e4 Rd4 50. Rb6+ Kf7 51. Rb7+
Kg6 52. Rb8 Rxe4 53. Rg8+ Kh7 54. Rf8 Kg7 55. Rc8 Re3 56. Kg2 Rf3 57. Rc7+ Kg6
58. Rc4 Kf5 59. Rc6 Ke4 60. Ra6 Kd4 61. Ra8 Rf5 62. Rd8+ Ke3 63. Rd1 e4 64.
Re1+ Kd3 65. Rd1+ Ke2 66. Ra1 e3 67. Ra2+ Kd1 0-1

[Event "Lansing (MOR/7/25)"]
[Site "?"]
[Date "1996.??.??"]
[Round "?"]
[White "Iyer, Krishnan"]
[Black "Fleshman, Justin"]
[Result "1-0"]
[WhiteElo "1605"]
[BlackElo "1605"]
[PlyCount "95"]
[EventDate "1996.??.??"]

{7/(25)} 1. d4 d5 2. c4 dxc4 3. e4 b5 4. a4 c6 5. axb5 cxb5 6. b3 Bb7 7. f3 e6
8. bxc4 bxc4 9. Qa4+ Nc6 10. Be3 Bb4+ 11. Kf2 Nge7 12. Bxc4 O-O 13. Ne2 Qa5 14.
Rd1 Qxa4 15. Rxa4 a5 16. Nbc3 Rfd8 17. d5 exd5 18. exd5 Ne5 19. Bb3 Rac8 20.
Bb6 Rd6 21. Bxa5 Bxc3 22. Bxc3 N5g6 23. Rad4 Nf5 24. Rb4 Ba6 25. Ba1 Re8 26.
Nc3 Ne3 27. Rdd4 h6 28. Ne4 Rxe4 29. fxe4 Ng4+ 30. Kg3 N6e5 31. Bd1 Ne3 32. Kf4
N5c4 33. Rdxc4 Nxc4 34. Be2 Rf6+ 35. Kg3 Rg6+ 36. Kf3 Nd2+ 37. Kf2 Bxe2 38.
Kxe2 Rxg2+ 39. Kd3 Rxh2 40. Rb8+ Kh7 41. Rb2 Nf3 42. Rxh2 Nxh2 43. d6 Ng4 44.
d7 h5 45. d8=Q Nh6 46. Qf8 f6 47. Qe8 h4 48. Qh5 1-0

[Event "Detroit (MI Team/1/1/4)"]
[Site "?"]
[Date "1996.??.??"]
[Round "?"]
[White "Iyer, Krishnan"]
[Black "Djordjevic, B."]
[Result "0-1"]
[WhiteElo "1605"]
[BlackElo "2140"]
[PlyCount "96"]
[EventDate "1996.??.??"]

{1/1} 1. e4 d5 2. exd5 Nf6 3. Nc3 Nxd5 4. Qf3 Nf6 5. Bb5+ c6 6. Bc4 g6 7. Nge2
Bg7 8. d3 O-O 9. O-O Nbd7 10. Qe3 Ng4 11. Qd2 Bh6 12. Qe1 Qc7 13. Ng3 Bxc1 14.
Rxc1 Nge5 15. Bb3 Nb6 16. h3 Nf3+ 17. gxf3 Bxh3 18. Qe4 Bxf1 19. Kxf1 e6 20. f4
Nd5 21. Nxd5 exd5 22. Qe5 Qd7 23. f5 f6 24. Qe6+ Rf7 25. Re1 Kf8 26. c4 dxc4
27. Bxc4 Qxe6 28. fxe6 Re7 29. f4 f5 30. a4 Rd8 31. Re5 Kg7 32. Kf2 Kf6 33. Ke3
h5 34. d4 h4 35. Nh1 h3 36. Kd3 b6 37. b4 h2 38. Re2 Rh7 39. Rg2 Rh3+ 40. Rg3
Rdh8 41. Re3 Ke7 42. d5 Rxe3+ 43. Kxe3 Rh3+ 44. Kd4 cxd5 45. Bxd5 Ra3 46. Kc4
Rxa4 47. Kb3 Ra1 48. Nf2 Rf1 0-1

[Event "Ann Arbor (HVA/1/7)"]
[Site "?"]
[Date "1996.??.??"]
[Round "?"]
[White "Iyer, Krishnan"]
[Black "Curtis, Dave"]
[Result "1-0"]
[WhiteElo "1605"]
[BlackElo "1605"]
[PlyCount "89"]
[EventDate "1996.??.??"]

{1/(7)} 1. e4 c5 2. Nf3 Nc6 3. d4 e6 4. Nc3 cxd4 5. Nxd4 e5 6. Ndb5 a6 7. Nd6+
Bxd6 8. Qxd6 Qe7 9. Qc7 Nf6 10. Bg5 h6 11. Nd5 Qe6 12. Bxf6 gxf6 13. Qb6 Kf8
14. Nc7 Qd6 15. Rd1 Qb4+ 16. Qxb4+ Nxb4 17. Nxa8 Nxc2+ 18. Kd2 Nd4 19. Nb6 Kg7
20. Rc1 Nc6 21. b4 Rd8 22. a4 d5 23. Nxc8 dxe4+ 24. Ke3 Nxb4 25. Nb6 f5 26. g3
Rd6 27. a5 Nc6 28. Rxc6 Rxc6 29. Nc4 f6 30. Be2 Kg6 31. h4 h5 32. Rd1 Rc8 33.
Rd7 Kh6 34. Rxb7 Rg8 35. Rb6 Rg4 36. Nxe5 f4+ 37. gxf4 Rxh4 38. Rxf6+ Kg7 39.
Rg6+ Kf8 40. Kxe4 Rh1 41. Rh6 h4 42. Rxh4 Rxh4 43. Ng6+ Kf7 44. Nxh4 Kf6 45.
Bxa6 1-0

[Event "Flint (MI Senior/4/7)"]
[Site "?"]
[Date "1996.??.??"]
[Round "?"]
[White "Iyer, Krishnan"]
[Black "Brown, Ralph"]
[Result "0-1"]
[WhiteElo "1605"]
[BlackElo "1680"]
[PlyCount "70"]
[EventDate "1996.??.??"]

{4/(7)} 1. e4 e5 2. Nf3 Nc6 3. Bb5 a6 4. Ba4 b5 5. Bb3 Na5 6. d4 Nxb3 7. axb3
d6 8. dxe5 Bg4 9. Bf4 Qe7 10. Qd5 Rd8 11. Rxa6 dxe5 12. Qxb5+ Bd7 13. Qxe5 Qxe5
14. Bxe5 f6 15. Bc3 Kf7 16. O-O Bb5 17. Ra7 Bxf1 18. Rxc7+ Be7 19. Kxf1 Rd1+
20. Ke2 Rxb1 21. Bb4 Rxb2 22. Nd4 Ke8 23. Rc8+ Kd7 24. Rb8 Bxb4 25. Rxb4 Ne7
26. Rb7+ Kd6 27. Nb5+ Kc6 28. Rxe7 Kxb5 29. Rxg7 Rxc2+ 30. Kf3 Rhc8 31. Rb7+
Kc6 32. Rxh7 Kd6 33. Rh6 R8c3+ 34. Kg4 Rxf2 35. Kh5 Ke5 0-1

[Event "Detroit (MI Action/6/11)"]
[Site "?"]
[Date "1996.??.??"]
[Round "?"]
[White "Iyer, Krishnan"]
[Black "Berry, DeMarcus"]
[Result "1/2-1/2"]
[WhiteElo "1605"]
[BlackElo "1605"]
[PlyCount "48"]
[EventDate "1996.??.??"]

{6/(11)} 1. e4 c5 2. Nf3 Nc6 3. d4 cxd4 4. Nxd4 Nf6 5. Nc3 e5 6. Ndb5 d6 7. a4
a6 8. Na3 h6 9. Be2 Be7 10. O-O O-O 11. h3 Nd4 12. Bc4 Bd7 13. Be3 Nc6 14. f3
Nh5 15. Nd5 Ng3 16. Rf2 Bh4 17. Rd2 Rb8 18. Nb6 Nd4 19. Nxd7 Qxd7 20. Bxd4 exd4
21. Rxd4 Rbd8 22. e5 Nf5 23. Re4 d5 24. Rf4 Bg3 1/2-1/2